Estudio de las implicaciones de la incorporación de la República Dominicana a la comunidad del Caribe / (Registro nro. 13604)

Detalles MARC
000 -LIDER
fixed length control field 01292nam a2200301 a 4500
001 - NÚMERO DE CONTROL
Identificador de número de control
003 - IDENTIFICACDOR DE NÚMERO DE CONTROL
control field DO-SdBNP
005 - DATE AND TIME OF LATEST TRANSACTION
control field 20220719101731.0
008 - ELEMENTOS DE LONGITUD FIJA
fixed length control field 090707s1978 dr d 001 0 spa d
040 ## - FUENTE DE CATALOGACIÓN
Agencia que crea de manera original el registro BPMSU
Idioma de catalogación spa
Agencia que realiza la transcripción BPMSU
082 ## - NÚMERO DE CLASIFICACIÓN DECIMAL DE DEWEY
Classification number 382.097293
Item number V422e 1978
Edition number 22
100 ## - ASIENTO PRINCIPAL -- NOMBRE PERSONAL
Nombre personal Vega, Bernardo,
Fechas asociadas con el nombre 1938 -
245 10 - MENCIÓN DE TITULO
Título Estudio de las implicaciones de la incorporación de la República Dominicana a la comunidad del Caribe /
Mención de responsabilidad Bernardo Vega ; prólogo Frank Moya Pons.
260 ## - PUBLICACIÓN, DISTRIBUCIÓN, ETC. (PIE DE IMPRENTA)
Lugar de publicación, distribución, etc Santo Domingo :
Nombre del editor, distribuidor, etc. Fondo Para el Avance de las Ciencias Sociales ;
-- Academia de Ciencias de la República Dominicana, Comisión Económica,
Fecha de publicación, distribución, etc 1978.
Nombre del editor, distribuidor, etc.
300 ## - DESCRIPCIÓN FÍSICA
Extensión xxxvii, 247p. :
Otros detalles físicos ils., diag. ;
Dimensiones 21 cm.
490 0# - MENCIÓN DE SERIES
Mención de serie Fondo para el avance de las ciencias sociales
500 ## - NOTA GENERAL
Nota general Incluye índice.
500 ## - NOTA GENERAL
Nota general Incluye índice de cuadros.
500 ## - NOTA GENERAL
Nota general Incluye datos biográficos del autor en la contracubierta.
504 ## - NOTA DE BIBLIOGRAFÍA, ETC.
Bibliography, etc Bibliográficas (239-247 p.)
590 ## - NOTA LOCAL
Enlace Inventariado, 2021/VM
650 #4 - ENCABEZAMIENTO DE MATERIA--TEMÁTICO
Término temático o nombre geográfico como elemento de entrada Relaciones comerciales
Subdivisión geográfica República Dominicana.
650 #4 - ENCABEZAMIENTO DE MATERIA--TEMÁTICO
Término temático o nombre geográfico como elemento de entrada Comercio de productos agrícolas
Subdivisión geográfica Caribe (Región, República Dominicana)
651 #4 - ENCABEZAMIENTO DE MATERIA--NOMBRE GEOGRÁFICO
Nombre geográfico Caribe (Región)
Subdivisión temática general Comercio exterior.
Fuente del encabezamiento o término
700 1# - ASIENTO SECUNDARIO -- NOMBRE PERSONAL
Nombre personal Moya Pons, Frank,
Fechas asociadas con el nombre 1944-
Mención de responsabilidad pról.
910 ## - VALIDACIÓN
Validación VMateo V:
942 ## - ADDED ENTRY ELEMENTS (KOHA)
Source of classification or shelving scheme Dewey Decimal Classification
Koha item type Mapas
Existencias
Withdrawn status Lost status Source of classification or shelving scheme Damaged status Not for loan Collection code Home library Current library Date acquired Source of acquisition Total Checkouts Full call number Barcode Date last seen Price effective from Koha item type
    Dewey Decimal Classification     Colección Dominicana Biblioteca Pública Metropolitana Salomé Ureña Biblioteca Pública Metropolitana Salomé Ureña 07/23/2021 Reyes Duluc   BPMSU CD 382.097293 V422e 1978 BPMSU21070045 07/23/2021 07/23/2021 Mapas